00291nam a22001337a 4500003000400000020001800004082001400022100002600036245003700062250000900099260002200108300001000130650001700140OSt a9789388706407 a615.1 ARP aArora , Mandeep Kumar aPractical book of Pharmacology-1 a2019 aNew DelhibNirali aPg-65 aPharmacology